00576nam a2200229Ia 4500003000400000005001700004008004100021020001800062040000700080041000800087082002200095100002100117245005000138250000600188260004500194300001600239365001300255700001700268700001600285700002200301700002300323OSt20250506103727.0210423s2007 xx 000 0 und d a9788652130148 cAL aeng a801.95 223bGUEH aWilfred L Guerin aHandbook of critical approaches to literature a5 aNew DelhibOxford University Pressc2007 axvi,424bPB b210cINR aLabor, Earle aMorgan, Lee aReesman, Jeanne C aWillingham, John R